Statistiken für Anagramm-Quiz: Hauptstädte der Welt – Teil 2

Klicken Sie hier um das Quiz zu spielen!

Allgemein

  • Dieses Quiz wurde 97 mal gespielt
  • Das Durchschnittsergebnis liegt bei 9 aus 24

Antwortstatistiken

AnagrammHauptstadt% Korrekt
KubaBaku
99%
MailLima
89%
DariRiad
89%
Olis TripTripolis
75%
Laura BataanUlaanbaatar
66%
Lex grub umLuxemburg
65%
LandauLuanda
45%
Lion BassLissabon
37%
AthenerTeheran
36%
Der Typ aus Korea, er weint jaSri Jayewardenepura Kotte
30%
Andre, gib Erna was ab!Bandar Seri Begawan
28%
Nepal-MobBelmopan
28%
Pol-TourisPort Louis
28%
EU-HeldinNeu-Delhi
27%
mh, Kraut!Khartum
24%
beste RaserBasseterre
23%
Korso um USA - yo!Yamoussoukro
23%
Wo Gegentor?Georgetown
22%
Asi-KinoNikosia
22%
misch GoudaMogadischu
18%
Opfa in SportPort of Spain
18%
Java-RoseSarajevo
17%
PR-Coup Arnie T.Port-au-Prince
14%
Rover alla NadalAndorra la Vella
12%

Verteilung der Resultate

Perzentil nach korrekt beantworteten Fragen

Anzahl Personen mit jedem Resultat

Ihre Resultats-Entwicklung

Sie haben dieses Quiz noch nicht gespielt